| 000 | 00560nam a2200205Ia 4500 | ||
|---|---|---|---|
| 005 | 20260429112145.0 | ||
| 008 | 260429s9999||||xx |||||||||||||| ||und|| | ||
| 020 | _a9781032573946 | ||
| 041 | _aEnglish | ||
| 082 |
_a371.02 _bBOR |
||
| 100 | _aBorrie, Andy | ||
| 245 | 0 |
_aReimagining talent development in sport : _bseeing a different world / _cAndy Borrie |
|
| 250 | _a1st ed. | ||
| 260 |
_aNew York : _bRoutledge, _c2025. |
||
| 300 | _axvi, 250 p.; pbk | ||
| 650 | _a Talent development | ||
| 650 | _aSport | ||
| 700 | _a Ryall, Emily | ||
| 942 | _cTB | ||
| 999 |
_c52644 _d52644 |
||